[Event "Titled Tue 19th Mar Late"]
[Site "chess.com INT"]
[Date "2024.03.19"]
[Round "8"]
[White "Erigaisi, Arjun"]
[Black "Zhigalko, S."]
[Result "1-0"]
[WhiteElo "2748"]
[BlackElo "2572"]
[PlyCount "67"]
[EventDate "2024.03.19"]

1. Nf3 b5 2. e3 a6 3. b3 Bb7 4. Bb2 e6 5. Be2 Nf6 6. O-O c5 7. c4 b4 ({RR} 7... bxc4 8. bxc4 Nc6 9. Nc3 Rb8 10. Rb1 Be7 11. Ba1 O-O 12. Qa4 Qc7 13. Rfd1 Bd6 14. h3 Ne7 15. d4 Bc6 16. Qxa6 Rxb1 17. Rxb1 cxd4 18. Nxd4 Ra8 19. Qb6 Qxb6 20. Rxb6 Bc5 21. Rb1 h6 22. Nxc6 {Materia,M (2453)-Andreikin,D (2729) chess.com INT 2024 0-1 (63)}) 8. d4 Be7 $146 ({RR} 8... cxd4 9. exd4 d5 10. Ne5 Be7 11. Nd2 O-O 12. Bd3 Nc6 13. Ndf3 Ne4 14. Nxc6 Bxc6 15. Ne5 Bb7 16. f3 Nf6 17. c5 a5 18. Qc2 Ba6 19. a3 Bxd3 20. Qxd3 Qc7 21. axb4 axb4 22. Qb5 Rab8 23. Qc6 {Liu,E (2214)-Fier,A (2602) chess.com INT 2023 1-0 (36)}) 9. Nbd2 O-O 10. Qc2 d6 11. dxc5 dxc5 12. Ng5 Nbd7 13. Rad1 h6 14. Nde4 hxg5 15. Nxg5 g6 16. Nxe6 Qb6 17. Nxf8 Nxf8 18. Bf3 Ne6 19. Bxb7 Qxb7 20. Rd2 Ne4 21. Rd3 Bf6 22. Bxf6 Nxf6 23. Rfd1 Qe4 24. Qb2 Kg7 25. f3 Qh4 26. Qe5 Rh8 27. Rd7 Rh5 28. Qxe6 Qxh2+ 29. Kf2 Rf5 30. Rxf7+ Kh6 31. Rxf6 Qh4+ 32. Ke2 Rxf6 33. Qe7 Kg5 34. Rd6 1-0

[Event "Titled Tue 19th Mar Late"]
[Site "chess.com INT"]
[Date "2024.03.19"]
[Round "9"]
[White "Theodorou, Nikolas"]
[Black "Aravindh, Chithambaram VR."]
[Result "1-0"]
[WhiteElo "2622"]
[BlackElo "2662"]
[PlyCount "63"]
[EventDate "2024.03.19"]

1. Nf3 Nf6 2. b3 b6 3. Bb2 Bb7 4. g3 e6 5. Bg2 c5 6. c4 Be7 7. O-O O-O 8. d4 d5 9. dxc5 bxc5 10. cxd5 ({RR} 10. Nc3 Nbd7 11. cxd5 exd5 12. Rc1 Nb6 13. Ne5 a6 14. Nd3 Rc8 15. Nf4 Rc7 16. a4 d4 17. Bxb7 dxc3 {0-1 (17) Divya,D (2470)-Gadzhiev,R (2121) chess.com INT 2025}) 10... exd5 11. Nc3 d4 12. Na4 Nbd7 $146 ({RR} 12... Na6 13. Rc1 Rc8 14. Ba3 Be4 15. Qd2 Nd5 16. Rfd1 Nab4 17. Rc4 a5 18. Bb2 Nb6 19. Nxb6 Qxb6 20. Nxd4 Bg6 21. Nf3 Rcd8 22. Qe1 Rxd1 23. Qxd1 Rd8 24. Qa1 Bc2 25. Rxc2 Nxc2 26. Qb1 Nd4 27. Nxd4 {Zavarce Sayago,O (2223)-Salazar Farias,L (2134) Lecheria 2014 ½-½ (82)}) 13. Rc1 Re8 14. b4 cxb4 15. Nxd4 Bxg2 16. Kxg2 Nb6 17. Nxb6 Qxb6 18. Nf5 Bf8 19. e3 Qa5 20. Qf3 Ne4 21. Rfd1 g6 22. Nd4 Qxa2 23. Rc2 Qa4 24. Rc7 Ng5 25. Qe2 Qa5 26. Nb5 a6 27. h4 axb5 28. Rdd7 Ne6 29. Qf3 f5 30. Qd5 Qa2 31. Qe5 Qb3 32. Qh8# 1-0

[Event "Titled Tue 19th Mar Late"]
[Site "chess.com INT"]
[Date "2024.03.19"]
[Round "10"]
[White "Nihal, Sarin"]
[Black "Sargsyan, Shant"]
[Result "1-0"]
[WhiteElo "2698"]
[BlackElo "2637"]
[PlyCount "73"]
[EventDate "2024.03.19"]

1. Nf3 d5 2. e3 Nf6 3. c4 e6 4. Nc3 Bd6 5. b3 b6 6. Bb2 a6 7. Rc1 Bb7 8. cxd5 exd5 9. Ne2 Nbd7 10. g3 c5 11. Bg2 O-O 12. O-O Re8 13. d4 Rc8 14. dxc5 bxc5 15. Nh4 $146 ({RR} 15. Nf4 Nb6 16. Nh4 Bf8 17. Nh5 Nbd7 18. Nxf6+ Nxf6 19. Qc2 Ne4 20. Rfd1 Qg5 21. Nf3 Qh5 22. Nd2 f5 23. Nxe4 fxe4 24. Qd2 Bd6 25. Ba3 Re6 26. b4 c4 27. Bb2 Rf8 28. a3 Bc6 29. Bd4 Ba4 {Jaramillo Lopez,A (2250)-Diaz Perez,M (2461) Santa Clara CUB 2024 0-1 (42)}) ({RR} 15. Qd3 Ne4 16. Rfd1 Ndf6 17. Nd2 Nxf2 18. Kxf2 Ng4+ 19. Kg1 Nxe3 20. Bh3 Nxd1 21. Rxd1 c4 22. Qf3 Bc5+ 23. Kf1 Rc6 24. Nxc4 Rh6 25. Nf4 Rxh3 26. Qg4 f6 27. Qxh3 Qe7 28. Na5 Ba8 29. Qg2 Bb4 {Le,Q (2728)-Mamedyarov,S (2738) chess.com INT 2023 ½-½ (42)}) ({RR} 15. Rc2 Ne4 16. Nd2 Nef6 17. Nc4 Bc7 18. Nf4 Bxf4 19. exf4 Qc7 20. Ne3 Qd6 21. Rd2 Nb6 22. Bxf6 Qxf6 23. Nxd5 Nxd5 24. Bxd5 Bxd5 25. Rxd5 c4 26. bxc4 Qc3 27. Qb3 Qxc4 28. Qxc4 Rxc4 29. Rfd1 g6 {Nihal,S (2620)-Tang,A (2538) Chess.com INT 2020 ½-½ (63)}) 15... Nb6 16. Nf5 Bf8 17. Nf4 g6 18. Nh4 Bg7 19. Nf3 a5 20. Rc2 a4 21. Qa1 axb3 22. axb3 Ra8 23. Qb1 d4 24. exd4 cxd4 25. Nxd4 Bxg2 26. Nxg2 Qd5 27. Ne3 Qh5 28. Nc6 Qh3 29. Qd1 Nbd5 30. Nxd5 Ng4 31. Nce7+ Kf8 32. Bxg7+ Kxg7 33. Qd4+ f6 34. f3 Ne5 35. Rc7 Ra2 36. Nxg6+ Nf7 37. Qxf6+ 1-0

[Event "Titled Tue 19th Mar Late"]
[Site "chess.com INT"]
[Date "2024.03.19"]
[Round "10"]
[White "Theodorou, Nikolas"]
[Black "Ibarra Jerez, JC."]
[Result "1-0"]
[WhiteElo "2622"]
[BlackElo "2559"]
[PlyCount "87"]
[EventDate "2024.03.19"]

1. Nf3 Nf6 2. b3 d6 3. Bb2 e5 4. c4 g6 5. g3 Bg7 6. Bg2 O-O 7. O-O Re8 8. d3 Nc6 ({RR} 8... h6 9. Qc2 a5 10. Nc3 Be6 11. a3 Na6 12. Nd2 c6 13. e3 Nh7 14. Ne2 f5 15. d4 Bf7 16. Rfe1 Nf6 17. Rad1 e4 18. Nc3 d5 19. f3 Nc7 20. f4 g5 21. Rf1 Ng4 22. Rde1 gxf4 23. Rxf4 {Sokolovsky,Y (2416)-Firouzja,A (2785) chess.com INT 2022 0-1 (33)}) 9. Nc3 ({RR} 9. a3 a5 10. Nc3 e4 11. Nxe4 Nxe4 12. Bxg7 Nxf2 13. Rxf2 Kxg7 14. e4 Bg4 15. Qd2 Bxf3 16. Bxf3 Nd4 17. Raf1 Rf8 18. Bg2 c5 19. Rf6 Qxf6 20. Rxf6 Kxf6 21. Qf4+ Ke7 22. Qh4+ Kd7 23. e5 dxe5 {Rasulov,V (2500)-Kosakowski,J (2511) chess.com INT 2025 1-0 (45)}) 9... h6 10. a3 a5 11. Nd2 $146 ({RR} 11. Rc1 Be6 12. Nd2 Nd7 13. Nd5 Nc5 14. Bc3 Nd4 15. b4 axb4 16. axb4 Na4 17. Ba1 c6 18. Nc3 Nxc3 19. Bxc3 Bg4 20. Re1 Qd7 21. b5 d5 22. Bxd4 exd4 23. cxd5 cxd5 24. Qb3 Ra5 25. Bxd5 Rxe2 {Flores,D (2568)-Sosa,T (2390) Buenos Aires 2015 1-0 (52)}) 11... Be6 12. Nd5 Bxd5 13. cxd5 Ne7 14. e4 c6 15. dxc6 Nxc6 16. Rc1 h5 17. Nc4 Bh6 18. Rc2 h4 19. Bh3 d5 20. exd5 Nxd5 21. Re1 Nd4 22. Bxd4 exd4 23. Rxe8+ Qxe8 24. Qf3 Nc3 25. Kg2 Qe7 26. Rb2 Ra6 27. b4 Rf6 28. Qg4 hxg3 29. hxg3 axb4 30. axb4 Qe1 31. Qxd4 Bg7 32. Qe3 Qa1 33. Rc2 b5 34. Qe8+ Kh7 35. Ne3 Qe1 36. Bg4 Nd5 37. Re2 Rxf2+ 38. Rxf2 Nxe3+ 39. Kf3 Qd1+ 40. Kxe3 Bh6+ 41. Kd4 Qxg4+ 42. Kc5 f5 43. Re2 Bg7 44. Rh2+ 1-0

[Event "Titled Tue 19th Mar Late"]
[Site "chess.com INT"]
[Date "2024.03.19"]
[Round "11"]
[White "Mekhitarian, K."]
[Black "Grigoriants, S RUS"]
[Result "1-0"]
[WhiteElo "2554"]
[BlackElo "2534"]
[PlyCount "45"]
[EventDate "2024.03.19"]

1. Nf3 d5 2. c4 d4 3. b4 c5 4. Bb2 Qc7 5. g3 e5 6. Bg2 Nf6 7. O-O ({RR} 7. e3 Bg4 8. Qa4+ Nbd7 9. O-O Be7 10. bxc5 O-O 11. exd4 Bxf3 12. Bxf3 exd4 13. Bxd4 Bxc5 14. Be3 Ne5 15. Be2 Bxe3 16. dxe3 Rac8 17. Nd2 Rfd8 18. Rad1 h5 19. Nf3 Rxd1 20. Rxd1 Nxf3+ 21. Bxf3 Qxc4 {Caruana,F (2783)-Robson,R (2689) Saint Louis USA 2025 1-0 (50)}) 7... cxb4 ({RR} 7... Nc6 8. b5 Ne7 9. e3 Ng6 10. a4 Be7 11. a5 Rb8 12. d3 O-O 13. Nbd2 Bf5 14. Qb3 h6 15. Rfe1 b6 16. Ra3 Rfd8 17. Qa2 Rd7 18. Nf1 Rbd8 19. N3d2 Bf8 20. exd4 cxd4 21. axb6 axb6 22. Rb3 {Aronian,L (2758)-Matlakov,M (2716) Khanty-Mansiysk 2019 ½-½}) ({RR} 7... Nc6 8. b5 Nd8 9. e3 Bd6 10. exd4 exd4 11. d3 O-O 12. Re1 Bg4 13. Nbd2 Ne6 14. Qc2 Rae8 15. Re2 Qd8 16. Rae1 Bc7 17. Nb3 h6 18. a4 Nd7 19. h3 Bh5 20. Ba3 b6 21. Nbd2 Qb8 22. Bc1 {Mekhitarian,K (2554)-Le,Q (2731) chess.com INT 2024 ½-½ (66)}) 8. e3 dxe3 $146 ({RR} 8... Bg4 9. exd4 exd4 10. Re1+ Be7 11. Qa4+ Bd7 12. Qxb4 Nc6 13. Qb3 Na5 14. Qc2 Qxc4 15. Na3 Qb4 16. Qb1 Qd6 17. Nxd4 O-O 18. Nab5 Bxb5 19. Nf5 Bd3 20. Nxd6 Bxb1 21. Rxe7 Bg6 22. Bc3 Rad8 23. Nxb7 {Timman,J (2562)-Lampert,J (2461) Douglas 2015 1-0}) 9. Bxe5 exf2+ 10. Rxf2 Bd6 11. Bxf6 gxf6 12. d4 Qxc4 13. Rc2 Qe6 14. Re2 O-O 15. Rxe6 Bxe6 16. Nbd2 a5 17. Ne4 Be7 18. d5 Bf5 19. Nh4 Bg6 20. d6 Bd8 21. Qf3 Nd7 22. Nf5 Rc8 23. Ne7+ 1-0

[Event "Titled Tue 19th Mar Late"]
[Site "chess.com INT"]
[Date "2024.03.19"]
[Round "11"]
[White "Harsha, B."]
[Black "Sarana, A."]
[Result "1-0"]
[WhiteElo "2567"]
[BlackElo "2699"]
[PlyCount "61"]
[EventDate "2024.03.19"]

1. Nf3 d5 2. g3 g6 3. Bg2 Bg7 4. d4 Nf6 5. O-O c6 6. c3 O-O 7. Bf4 Nbd7 8. a4 ({RR} 8. Qc1 Re8 9. c4 dxc4 10. Qxc4 Nb6 11. Qc1 Bg4 12. Rd1 Qc8 13. Nc3 Nfd5 14. Bh6 Nxc3 15. bxc3 Nc4 16. Re1 e5 17. Bxg7 Kxg7 18. Nd2 Nxd2 19. Qxd2 Bh3 20. e4 Bxg2 21. Kxg2 Qc7 22. c4 exd4 {Malakhov,V (2686)-Vitiugov,N (2722) St Petersburg 2017 ½-½ (34)}) ({RR} 8. Qc1 Re8 9. a4 a5 10. Nbd2 Nh5 11. Be3 e5 12. dxe5 Nxe5 13. Nxe5 Bxe5 14. Re1 Bg7 15. Nf3 Nf6 16. Bd4 Bf5 17. b3 Qe7 18. Nd2 c5 19. Be3 Ng4 20. Nf1 d4 21. cxd4 cxd4 22. Bg5 Qd7 {Sargsyan,S (2630)-Sarana,A (2685) chess.com INT 2023 0-1 (63)}) 8... a5 9. Nbd2 Nh5 $146 ({RR} 9... h6 10. Ne5 g5 11. Nxd7 Nxd7 12. Be3 e5 13. dxe5 Nxe5 14. Bd4 f5 15. Nf3 Nxf3+ 16. exf3 f4 17. Re1 Rf7 18. Bxg7 Kxg7 19. Qd4+ Qf6 20. Re5 Bd7 21. Rae1 Kg8 22. g4 Rff8 23. Bf1 Qg7 24. Qb6 {Schreiner,P (2425)-Subelj,J (2528) Austria AUT 2025 1-0 (51)}) 10. Be3 Re8 11. c4 Ndf6 12. Ne5 Qb6 13. h3 Nd7 14. cxd5 cxd5 15. Bxd5 Nxe5 16. dxe5 Qd8 17. Bg2 Bxe5 18. Nc4 Bc7 19. Rc1 Be6 20. Bxb7 Rb8 21. Bg2 Rb4 22. b3 Rxb3 23. Qxb3 Qc8 24. Qb5 Bd7 25. Bc6 Bxh3 26. Bxe8 Qg4 27. Qd7 Qe4 28. Qc6 Qg4 29. Qxc7 Bxf1 30. Rxf1 Nxg3 31. Qxg3 1-0

[Event "GRENKE Chess Classic 2024"]
[Site "Karlsruhe GER"]
[Date "2024.03.31"]
[Round "10.3"]
[White "Keymer, Vincent"]
[Black "Ding Liren"]
[Result "1-0"]
[WhiteElo "2738"]
[BlackElo "2762"]
[PlyCount "61"]
[EventDate "2024.03.26"]

1. Nf3 d5 2. g3 Nf6 3. Bg2 g6 4. c4 dxc4 5. Qa4+ Nfd7 6. h4 ({RR} 6. Qxc4 Bg7 7. O-O O-O 8. d3 c5 9. Nc3 Nc6 10. Be3 b6 11. Qh4 Bb7 12. d4 cxd4 13. Nxd4 Nxd4 14. Bxd4 Bxg2 15. Kxg2 Nf6 16. Rfd1 Qc7 17. Rac1 Qb7+ 18. f3 Rfd8 19. Qf4 Rac8 20. Qe3 h5 {Grischuk,A (2777)-Aronian,L (2773) chess24.com INT 2020 0-1 (97)}) ({RR} 6. O-O Bg7 7. Qxc4 O-O 8. d3 Nb6 9. Qh4 Nc6 10. Nc3 a5 11. Bh6 f6 12. Bxg7 Kxg7 13. d4 Nb4 14. Rfd1 c6 15. Qf4 a4 16. e4 Nc4 17. Qc1 a3 18. bxa3 Nxa3 19. Qb2 {½-½ (19) Dunnington,A (2256)-Urh,Z (2256) Darlington ENG 2024}) 6... Nc6 $146 ({RR} 6... h5 7. Ng5 Bg7 8. Na3 O-O 9. Nxc4 Na6 10. O-O Nb6 11. Nxb6 axb6 12. d3 Bd7 13. Qc4 Nc5 14. Rb1 Bc6 15. Bxc6 bxc6 16. b4 Na4 17. Bd2 Qd5 18. Rfc1 Rfc8 19. Rc2 Qxc4 20. Rxc4 c5 21. bxc5 {Vulevic,V (2293)-Liepold,S (2254) Basel 2011 0-1 (83)}) 7. Qxc4 Bg7 8. Nc3 Nb6 9. Qb3 h6 10. d3 O-O 11. O-O e5 12. Ne4 a5 13. Bd2 Bg4 14. Qd1 Nd5 15. Rc1 Nd4 16. Nxd4 exd4 17. Qb3 c6 18. Qxb7 Bxe2 19. Rfe1 Bxd3 20. Nc5 Rb8 21. Qxc6 Rxb2 22. Bxd5 Bb5 23. Qb7 d3 24. Ne6 fxe6 25. Rxe6 Kh8 26. Rxg6 Bd7 27. Rxh6+ Bxh6 28. Qxb2+ Bg7 29. Bc3 Bxc3 30. Qxc3+ Qf6 31. Be4 1-0

[Event "GRENKE Chess Classic 4-6"]
[Site "Karlsruhe GER"]
[Date "2024.03.31"]
[Round "2"]
[White "Fridman, D."]
[Black "Ding Liren"]
[Result "1-0"]
[WhiteElo "2590"]
[BlackElo "2762"]
[PlyCount "67"]
[EventDate "2024.03.31"]

1. Nf3 d5 2. g3 c5 3. Bg2 Nf6 4. O-O e6 5. c4 d4 6. e3 Nc6 7. d3 Bd6 8. exd4 cxd4 9. Bg5 h6 10. Bxf6 Qxf6 11. Nbd2 Qe7 12. a3 a5 13. Ne4 Bc7 14. c5 O-O 15. Nfd2 f5 16. Nd6 Bxd6 17. cxd6 Qxd6 18. Nc4 Qd8 $146 ({RR} 18... Qc7 19. Re1 Bd7 20. Rc1 Rfc8 21. Qb3 a4 22. Qb5 Ra6 23. Qc5 Na5 24. Qb4 Nb3 25. Rcd1 b5 26. Ne5 Rd6 27. Bf3 Be8 28. Re2 Qc5 29. Qe1 Rb6 30. Bg2 Bh5 31. Bf3 Be8 32. Bg2 Rd6 33. Nf3 {Svane,R (2649)-Kravtsiv,M (2598) Chess.com INT 2022 1-0 (48)}) 19. Rc1 Ra6 20. Qb3 Kh8 21. Rfe1 f4 22. Qb5 Rf5 23. Qb3 f3 24. Bh3 Rf6 25. Ne5 Qd6 26. Nxc6 Rxc6 27. Qb5 Qc7 28. Rxc6 bxc6 29. Qh5 c5 30. Rc1 Ba6 31. Qe8+ Kh7 32. Bxe6 Rxe6 33. Qxe6 Bxd3 34. Qd5 1-0

[Event "GRENKE Chess Classic 4-6"]
[Site "Karlsruhe GER"]
[Date "2024.03.31"]
[Round "4"]
[White "Keymer, Vincent"]
[Black "Ding Liren"]
[Result "1-0"]
[WhiteElo "2738"]
[BlackElo "2762"]
[PlyCount "73"]
[EventDate "2024.03.31"]

1. Nf3 d5 2. e3 Nf6 3. c4 e6 4. Nc3 b6 5. cxd5 exd5 6. g3 Bd6 7. Bg2 O-O 8. O-O Re8 9. Re1 ({RR} 9. b3 Nbd7 10. Bb2 Ba6 11. d3 Nc5 12. Ne1 c6 13. b4 Ne6 14. b5 cxb5 15. Nxd5 Nxd5 16. Bxd5 Rc8 17. e4 Qe7 18. Nc2 Bc5 19. d4 Bb4 20. Qd3 Red8 21. Ne3 Qd7 22. Rac1 Bf8 23. f4 Bb7 {Willems,N (2394)-Royal,S (2465) Reykjavik ISL 2025 0-1 (62)}) 9... Nbd7 ({RR} 9... Bb7 10. b3 a6 11. Bb2 Nbd7 12. Rc1 Qe7 13. Re2 Ba3 14. Bxa3 Qxa3 15. d4 Qd6 16. Rec2 Re7 17. Ne1 Nf8 18. Nd3 Ng6 19. b4 h5 20. a3 h4 21. Ne2 hxg3 22. hxg3 Ne4 23. Nef4 Nxf4 24. Nxf4 {Keymer,V (2743)-Vokhidov,S (2596) chess.com INT 2024 1-0 (73)}) 10. d3 Bb7 ({RR} 10... Ba6 11. e4 dxe4 12. dxe4 Ne5 13. Nxe5 Bxe5 14. Bf4 Qd6 15. Qa4 Bb7 16. Rad1 Qc5 17. Bxe5 Rxe5 18. Qd4 Qxd4 19. Rxd4 Kf8 20. f4 Rc5 21. Re2 Ng8 22. Red2 Ke8 23. Bh3 Bc6 24. R2d3 a5 25. a3 {Keymer,V (2696)-Ding Liren (2811) Wijk aan Zee NED 2023 ½-½ (58)}) 11. b3 c5 $146 ({RR} 11... Ne5 12. Bb2 a6 13. Nxe5 Bxe5 14. Na4 Bxb2 15. Nxb2 Qd6 16. Rc1 Re7 17. Re2 Rae8 18. Rec2 h5 19. d4 g6 20. Qf3 c5 21. Qd1 Ne4 22. dxc5 bxc5 23. Bxe4 Rxe4 24. Na4 d4 25. Nxc5 Qd5 26. Nxb7 {Jacobson,B (2556)-Xu,Y (2505) Sant Ferran de ses Roques ESP 2023 1-0 (52)}) 12. Bb2 Rc8 13. d4 Nf8 14. Re2 c4 15. Nd2 cxb3 16. Qxb3 Bb8 17. Ree1 Ne6 18. a4 a6 19. Rec1 h5 20. Nf3 Ne4 21. h4 Nf6 22. Ng5 Rc4 23. Nxe6 Rxe6 24. e4 Rxc3 25. Bxc3 dxe4 26. d5 Qxd5 27. Qxd5 Nxd5 28. Bd4 Be5 29. Bxe5 Rxe5 30. Rab1 f5 31. Bf1 e3 32. Bc4 Kh7 33. Re1 Nc3 34. Rxb6 exf2+ 35. Kxf2 Ne4+ 36. Kg1 Rc5 37. Bf7 1-0

[Event "Titled Tue 26th Mar Early"]
[Site "chess.com INT"]
[Date "2024.03.26"]
[Round "5"]
[White "Andreikin, D."]
[Black "Samunenkov, Ihor"]
[Result "1-0"]
[WhiteElo "2729"]
[BlackElo "2544"]
[PlyCount "71"]
[EventDate "2024.03.26"]

1. Nf3 d5 2. g3 Nf6 3. Bg2 e6 4. O-O Be7 5. d3 O-O 6. a4 c5 7. Bf4 Nc6 8. e4 Nh5 9. Bd2 Nf6 10. Re1 ({RR} 10. e5 Nd7 11. Re1 f6 12. exf6 Bxf6 13. Nc3 Nde5 14. Nxe5 Bxe5 15. f4 Bf6 16. a5 Kh8 17. Kh1 Nd4 18. Be3 Bd7 19. Bg1 Rc8 20. a6 b5 21. Qd2 b4 22. Nd1 Nf5 23. c3 bxc3 24. bxc3 d4 {Andreikin,D (2729)-Martinez Alcantara,J (2612) chess.com INT 2024 0-1 (35)}) 10... b6 11. e5 Nd7 12. Bf4 $146 ({RR} 12. h4 Qc7 13. Bf4 Ba6 14. Nc3 Rad8 15. h5 Bb7 16. Qd2 a6 17. h6 g6 18. Nxd5 exd5 19. e6 Bd6 20. Bxd6 Qxd6 21. exd7 Rxd7 22. Qg5 Rdd8 23. Re2 Bc8 24. Rae1 f6 25. Qh4 Rf7 26. Bh3 Re7 {Szabo,B (2341)-Kovacs,G (2400) Hungary HUN 2024 ½-½ (34)}) 12... g5 13. Bc1 g4 14. Nfd2 Ndxe5 15. Nc3 Bf6 16. Ne2 Ng6 17. f4 gxf3 18. Nxf3 e5 19. Nc3 Be6 20. a5 Bg7 21. Ng5 h6 22. Nxe6 fxe6 23. Qh5 Nce7 24. Bxh6 Rf5 25. Qh3 bxa5 26. Ra4 Qb6 27. Rg4 c4+ 28. Kh1 Qxb2 29. Nxd5 exd5 30. Rxg6 Nxg6 31. Qxf5 Qb4 32. Rf1 Kh7 33. Bxg7 Kxg7 34. Qf7+ Kh6 35. Rf6 Qe1+ 36. Bf1 1-0

[Event "Titled Tue 26th Mar Early"]
[Site "chess.com INT"]
[Date "2024.03.26"]
[Round "6"]
[White "Subelj, Jan"]
[Black "Yoo, Christopher Woojin"]
[Result "1-0"]
[WhiteElo "2511"]
[BlackElo "2583"]
[PlyCount "109"]
[EventDate "2024.03.26"]

1. Nf3 d6 2. d4 Nf6 3. g3 g6 4. Bg2 Bg7 5. O-O O-O 6. Re1 Bf5 7. Nh4 Bc8 8. e4 e5 9. Nf3 Nbd7 10. Nc3 Re8 $146 ({RR} 10... a6 11. a4 b6 12. d5 a5 13. Nd2 Ne8 14. Nf1 f5 15. exf5 gxf5 16. f4 e4 17. Be3 Bb7 18. Bd4 Nef6 19. Ne3 Ne8 20. Bh3 Bxd4 21. Qxd4 Ng7 22. Kh1 Rf6 23. Nb5 Rc8 24. g4 Rh6 25. Nxf5 {Lenderman,A (2634)-Yip,C (2420) Chess.com INT 2020 ½-½ (36)}) 11. a4 a5 12. h3 exd4 13. Nxd4 Nc5 14. Ndb5 Bd7 15. f3 Bxb5 16. Nxb5 Nfd7 17. c3 Ne5 18. Bf1 c6 19. Nd4 Qb6 20. Kg2 Rad8 21. Rb1 Ned7 22. Be3 Qc7 23. b4 axb4 24. cxb4 Ne6 25. Nxe6 Rxe6 26. Qc2 Rde8 27. Bf2 Qd8 28. b5 d5 29. exd5 Rxe1 30. Rxe1 Rxe1 31. Bxe1 cxd5 32. a5 d4 33. a6 bxa6 34. bxa6 Qb8 35. Qc6 Ne5 36. Qb7 Qxb7 37. axb7 Nc6 38. Bb5 Nb8 39. Ba5 Be5 40. f4 Bd6 41. Kf3 f5 42. Ke2 Kf7 43. Kd3 Bc5 44. Bc7 Ba7 45. Be5 Ke6 46. Kc4 d3 47. Kxd3 Kd5 48. h4 Ke6 49. Kc4 Ke7 50. Kd5 h5 51. Bd6+ Kf6 52. Bc5 Bxc5 53. Kxc5 Ke7 54. Kb6 Kd6 55. Be8 1-0

[Event "Titled Tue 26th Mar Early"]
[Site "chess.com INT"]
[Date "2024.03.26"]
[Round "8"]
[White "Bacrot, E."]
[Black "Martinez Alcantara, Jose Eduardo"]
[Result "1-0"]
[WhiteElo "2680"]
[BlackElo "2603"]
[PlyCount "103"]
[EventDate "2024.03.26"]

1. Nf3 c5 2. g3 Nc6 3. Bg2 g6 4. O-O Bg7 5. c3 e5 6. e4 Nge7 7. d3 O-O 8. Be3 d6 9. Nbd2 h6 10. a4 ({RR} 10. Ne1 Be6 11. f4 f5 12. Qe2 Kh7 13. Nef3 Qd7 14. b3 b6 15. Rae1 Rae8 16. Qf2 d5 17. fxe5 fxe4 18. dxe4 Nxe5 19. Bf4 Nd3 20. Qe2 Nxe1 21. Rxe1 Bxc3 22. exd5 Nxd5 23. Be5 Bg4 24. Qd3 Bxd2 {Bognar,C (2101)-Popist,F (2216) chess.com INT 2024 0-1 (38)}) 10... f5 $146 ({RR} 10... Be6 11. Nc4 f5 12. Qd2 fxe4 13. Ne1 d5 14. Na3 d4 15. Bxh6 e3 16. Bxe3 dxe3 17. Qxe3 b6 18. Nf3 Nf5 19. Qe2 Bd5 20. Nc4 Nfd4 21. Nxd4 exd4 22. Be4 dxc3 23. Bxg6 Qg5 24. Be4 Nd4 25. Qe3 {Dreesen,J (2050)-Hackenberg,A (2180) Bayern 1995 0-1 (40)}) ({RR} 10... Be6 11. Nc4 f5 12. exf5 gxf5 13. Qd2 d5 14. Na3 f4 15. Bxc5 e4 16. dxe4 dxe4 17. Qxd8 Raxd8 18. Rfe1 exf3 19. Rxe6 fxg2 20. Bxe7 Rfe8 21. Bxd8 Rxe6 22. Bc7 f3 23. Nc4 Re2 24. Rd1 Nd4 25. cxd4 {Lewicki,M (2340)-Martinez Alcantara,J (2598) Chess.com INT 2022 1-0 (49)}) 11. Qb3+ Kh8 12. exf5 gxf5 13. Nc4 Be6 14. Rfe1 e4 15. Nfd2 d5 16. Na3 Na5 17. Qc2 Rc8 18. dxe4 fxe4 19. Rad1 Bg4 20. Nxe4 Bxd1 21. Rxd1 b6 22. Nb5 Nc4 23. Bf4 Ng6 24. b3 Nxf4 25. gxf4 Qh4 26. Rxd5 Na5 27. Ned6 Rcd8 28. Rf5 Qe7 29. Rxf8+ Rxf8 30. Qg6 Qf6 31. f5 Qxg6 32. fxg6 Bf6 33. Bd5 Be7 34. Bf7 Bxd6 35. Nxd6 Kg7 36. f4 Nc6 37. Ne8+ Rxe8 38. Bxe8 Ne7 39. Kf2 Nd5 40. Kf3 Nxc3 41. Bf7 Kf6 42. Ke3 Na2 43. Kd3 Nb4+ 44. Kc4 a6 45. h4 Nc6 46. Kd5 Na5 47. Kd6 Kg7 48. Kc7 Kf6 49. Kxb6 Nxb3 50. Bxb3 c4 51. Bxc4 Kxg6 52. Kxa6 1-0

[Event "Titled Tue 26th Mar Late"]
[Site "chess.com INT"]
[Date "2024.03.26"]
[Round "2"]
[White "Nakamura, Hi"]
[Black "Bellahcene, B."]
[Result "1-0"]
[WhiteElo "2789"]
[BlackElo "2522"]
[PlyCount "51"]
[EventDate "2024.03.26"]

1. Nf3 Nf6 2. b3 d5 3. c4 d4 4. e3 Nc6 5. d3 ({RR} 5. exd4 Nxd4 6. Bb2 c5 7. Nxd4 cxd4 8. d3 e5 9. Nd2 Bd6 10. g3 Bf5 11. Qe2 O-O 12. Bg2 Qd7 13. O-O Bh3 14. Ne4 Nxe4 15. Qxe4 Bxg2 16. Kxg2 Kh8 17. c5 Bb8 18. Rac1 f5 19. Qe2 Qd5+ {Dovzik,J (2198)-Ernst,L (2186) chess.com INT 2024 0-1}) 5... e5 6. a3 $146 ({RR} 6. e4 Bb4+ 7. Bd2 Bg4 8. Be2 Bxf3 9. Bxf3 Bxd2+ 10. Nxd2 Qe7 11. a3 a5 12. O-O O-O 13. g3 Nd7 14. Qc2 Nc5 15. Bg2 Ra6 16. f4 Rb6 17. Kh1 Rd8 18. Rf3 Rd6 19. Raf1 Rf6 20. Qd1 Nd7 {Nakamura,H (2780)-Andreikin,D (2729) chess.com INT 2023 1-0 (50)}) 6... a5 7. exd4 Nxd4 8. Nxd4 Qxd4 9. Ra2 Bc5 10. Be3 Qd6 11. Nc3 O-O 12. Nb5 Qb6 13. Bxc5 Qxc5 14. d4 exd4 15. Qxd4 Qg5 16. f4 Qg6 17. Bd3 Bf5 18. Bxf5 Rfe8+ 19. Kf2 Qxf5 20. Rd1 Ne4+ 21. Kg1 Qxf4 22. Re2 c5 23. Qe3 Qxe3+ 24. Rxe3 Nf6 25. Red3 h5 26. Nc7 1-0

[Event "Titled Tue 26th Mar Late"]
[Site "chess.com INT"]
[Date "2024.03.26"]
[Round "4"]
[White "Nakamura, Hi"]
[Black "Perez Ponsa, F."]
[Result "1-0"]
[WhiteElo "2789"]
[BlackElo "2538"]
[PlyCount "105"]
[EventDate "2024.03.26"]

1. Nf3 Nf6 2. b3 g6 3. d4 Bg7 4. Bb2 O-O 5. e3 d6 6. Be2 Nc6 7. O-O Bf5 8. c4 e5 9. Nc3 exd4 10. exd4 Re8 $146 ({RR} 10... Nb4 11. a3 Nc2 12. Rc1 c5 13. Rxc2 Bxc2 14. Qxc2 cxd4 15. Nxd4 Nh5 16. Nd5 Qg5 17. f4 Qh4 18. Nf3 Qd8 19. Bxg7 Nxg7 20. Qc3 Ne6 21. Nf6+ Kg7 22. Nd7+ f6 23. Nxf8 Nxf8 24. Nd4 f5 25. Ne6+ {Katter,K (1930)-Weingartner,A (939) Playchess.com INT 2020 1-0}) 11. d5 Ne7 12. h3 a6 13. Re1 Bd7 14. Bd3 Bf5 15. Nd4 Bxd3 16. Qxd3 Qd7 17. Re3 Nh5 18. Rae1 Bxd4 19. Qxd4 Nf5 20. Rxe8+ Rxe8 21. Qd2 Rxe1+ 22. Qxe1 Nf6 23. Ne2 Ne8 24. g4 Nfg7 25. Nf4 Kf8 26. f3 Qe7 27. Qc3 Qg5 28. Qd2 Qh4 29. Kg2 h5 30. Bd4 hxg4 31. fxg4 Nf6 32. Bf2 Ne4 33. Nxg6+ fxg6 34. Qf4+ Qf6 35. Qxe4 Kf7 36. Bd4 Qg5 37. Be3 Qf6 38. Qf4 Qxf4 39. Bxf4 Ne8 40. Bg5 c6 41. Kf3 cxd5 42. cxd5 Nc7 43. Ke4 Nb5 44. Bd2 Nc7 45. h4 Ne8 46. Bc3 Nc7 47. a4 b5 48. Bb2 bxa4 49. bxa4 Na8 50. Bd4 Nc7 51. Bb6 Ne8 52. Bd8 Kg7 53. Kd4 1-0

[Event "Titled Tue 26th Mar Late"]
[Site "chess.com INT"]
[Date "2024.03.26"]
[Round "9"]
[White "Makarian, Rudik"]
[Black "Kazakouski, Valery"]
[Result "1-0"]
[WhiteElo "2525"]
[BlackElo "2608"]
[PlyCount "89"]
[EventDate "2024.03.26"]

1. Nf3 d5 2. c4 d4 3. b4 c5 4. b5 f6 5. g3 e5 6. Bg2 Bd6 7. O-O Ne7 8. d3 O-O 9. a4 Qc7 $146 ({RR} 9... a5 10. e3 Ra7 11. Ra2 b6 12. Ne1 Bb7 13. Bxb7 Rxb7 14. e4 Nd7 15. Ng2 g6 16. f4 f5 17. Re2 Rf7 18. Nd2 exf4 19. Nxf4 Ne5 20. Nf3 Nxf3+ 21. Rxf3 fxe4 22. Rxe4 Nf5 23. Nd5 Kg7 24. Qe2 {Arabidze,M (2457)-Adhiban,B (2520) chess.com INT 2024 ½-½ (64)}) ({RR} 9... a5 10. e3 Ra7 11. exd4 cxd4 12. Ba3 b6 13. c5 Bxc5 14. Bxc5 bxc5 15. Nfd2 Be6 16. Qc2 Nd7 17. Nc4 Nb6 18. Nbd2 Nbd5 19. Ne4 Nb4 20. Qb3 Rc7 21. Rfc1 f5 22. Ng5 Bd5 23. Qd1 h6 24. Bxd5+ {Arabidze,M (2447)-Zahedifar,A (2067) chess.com INT 2025 0-1 (51)}) 10. a5 a6 11. b6 Qd8 12. Nbd2 Nbc6 13. Ne4 f5 14. Nxd6 Qxd6 15. Nd2 Be6 16. Nb3 Rac8 17. Ba3 Nd8 18. e3 dxe3 19. fxe3 f4 20. gxf4 exf4 21. d4 Bxc4 22. Bxc5 Qe6 23. d5 Nxd5 24. Bxf8 Nxe3 25. Qd4 Qg6 26. Rf2 Ne6 27. Qe4 Rxf8 28. Qxg6 hxg6 29. Nd2 Bd5 30. Bxd5 Nxd5 31. Nc4 Ng5 32. Kf1 Ne4 33. Re2 Ndc3 34. Rc2 Rd8 35. Rac1 Rd3 36. Ne5 Rh3 37. Kg2 Re3 38. Ng4 f3+ 39. Kf1 Rd3 40. Nf2 Re3 41. Nxe4 Nxe4 42. Re1 Rxe1+ 43. Kxe1 g5 44. Rc7 g4 45. Rxb7 1-0